US State Capitals - Statistics

General Stats
  • This quiz has been taken 32 times
  • The average score is 41 of 51
Answer Stats
State Capital % Correct
Georgia Atlanta
100%
New York Albany
97%
Texas Austin
97%
Massachusetts Boston
97%
Arkansas Little Rock
97%
Louisiana Baton Rouge
93%
Hawai'i Honolulu
93%
Oklahoma Oklahoma City
93%
Indiana Indianapolis
90%
Tennessee Nashville
90%
California Sacramento
90%
Maryland Annapolis
86%
Nevada Carson City
86%
Colorado Denver
86%
Connecticut Hartford
86%
Mississippi Jackson
86%
Arizona Phoenix
86%
Idaho Boise
83%
Wyoming Cheyenne
83%
Delaware Dover
83%
Alaska Juneau
83%
Washington Olympia
83%
North Carolina Raleigh
83%
Utah Salt Lake City
83%
Ohio Columbus
79%
Nebraska Lincoln
79%
Alabama Montgomery
79%
Rhode Island Providence
79%
Minnesota St. Paul
79%
The whole USA Washington D.C.
79%
West Virginia Charleston
76%
Iowa Des Moines
76%
Michigan Lansing
76%
Wisconsin Madison
76%
Vermont Montpelier
76%
Florida Tallahassee
76%
Maine Augusta
72%
Kentucky Frankfort
72%
Missouri Jefferson City
72%
Oregon Salem
72%
New Jersey Trenton
72%
North Dakota Bismarck
69%
South Carolina Columbia
69%
Montana Helena
69%
New Hampshire Concord
66%
Virginia Richmond
66%
New Mexico Santa Fe
66%
Illinois Springfield
66%
Pennsylvania Harrisburg
59%
Kansas Topeka
59%
South Dakota Pierre
55%
No matching quizzes found
Score Distribution
Percent of People with Each Score
Percentile by Number Answered
Your Score History
You have not taken this quiz